Nediskriminácia vo verejnom obstarávaní bakalárska práca

Gespeichert in:
Bibliographische Detailangaben
1. Verfasser: Lauko, Lukáš
Körperschaften: Ekonomická univerzita v Bratislave. Národohospodárska fakulta, Univerzita Komenského v Bratislave. Právnická fakulta
Weitere Verfasser: Hodás, Milan
Format: Buch
Sprache:Slowakisch
Veröffentlicht: Bratislava 2019
Tags: Tag hinzufügen
Keine Tags, Fügen Sie das erste Tag hinzu!

MARC

LEADER 00000nbm a2200000 4500
001 0256902
005 20200122103055.3
041 0 |a slo 
044 |a SK 
245 1 0 |a Nediskriminácia vo verejnom obstarávaní  |b bakalárska práca  |c Lukáš Lauko ; školiteľ: Milan Hodás 
264 1 |a Bratislava  |c 2019 
300 |a 61 s. 
100 1 |a Lauko, Lukáš 
700 1 |a Hodás, Milan 
710 2 |a Ekonomická univerzita v Bratislave. Národohospodárska fakulta 
710 2 |a Univerzita Komenského v Bratislave. Právnická fakulta